| 000 | 00596nam a2200217 i 4500 | ||
|---|---|---|---|
| 001 | 12875 | ||
| 003 | ES-MaACL | ||
| 005 | 20230906150428.0 | ||
| 007 | t| | ||
| 008 | 960805s1995 sp ||||0| spa j | ||
| 020 | _a84-7882-194-5 | ||
| 040 |
_aM-BN _bspa _cM-BN |
||
| 080 | _a292 | ||
| 100 | 1 |
_aGallardo, María Dolores. _953489 |
|
| 245 | 1 | 0 |
_aManual de mitología clásica / _cMª Dolores Gallardo López. |
| 250 | _a1ª ed. | ||
| 260 |
_aMadrid : _bClásicas, _c1995. |
||
| 300 |
_a486 p. ; _c25 cm. |
||
| 650 | 1 | 4 |
_aMitología clásica. _915099 |
| 852 |
_aES-MaACL _jL-20225 _bR.125742 |
||
| 999 |
_c12875 _d12875 |
||